000 00277nam a22001097a 4500
008 170117b xxu||||| |||| 00| 0 eng d
020 _a9780834206090
041 _aeng
080 _22nd
_a618.2
245 _aINNOVATIVE TEACHING STRATEGIES IN NURSING
_cFUSZARD, B
942 _2udc
_cBK
999 _c2989
_d2989